<?xml version="1.0" encoding="UTF-8"?><?xml-stylesheet type="text/xsl" href="static/style.xsl"?><OAI-PMH xmlns="http://www.openarchives.org/OAI/2.0/" xmlns:xsi="http://www.w3.org/2001/XMLSchema-instance" xsi:schemaLocation="http://www.openarchives.org/OAI/2.0/ http://www.openarchives.org/OAI/2.0/OAI-PMH.xsd"><responseDate>2026-04-14T07:11:55Z</responseDate><request verb="GetRecord" identifier="oai:www.recercat.cat:20.500.12327/4707" metadataPrefix="marc">https://recercat.cat/oai/request</request><GetRecord><record><header><identifier>oai:recercat.cat:20.500.12327/4707</identifier><datestamp>2025-10-22T11:04:51Z</datestamp><setSpec>com_2072_4428</setSpec><setSpec>com_2072_4427</setSpec><setSpec>col_2072_487898</setSpec></header><metadata><record xmlns="http://www.loc.gov/MARC21/slim" xmlns:dcterms="http://purl.org/dc/terms/" xmlns:xsi="http://www.w3.org/2001/XMLSchema-instance" xmlns:doc="http://www.lyncode.com/xoai" xsi:schemaLocation="http://www.loc.gov/MARC21/slim http://www.loc.gov/standards/marcxml/schema/MARC21slim.xsd">
   <leader>00925njm 22002777a 4500</leader>
   <datafield ind2=" " ind1=" " tag="042">
      <subfield code="a">dc</subfield>
   </datafield>
   <datafield ind2=" " ind1=" " tag="720">
      <subfield code="a">Decroocq, Stephane</subfield>
      <subfield code="e">author</subfield>
   </datafield>
   <datafield ind2=" " ind1=" " tag="720">
      <subfield code="a">Cornille, Amandine</subfield>
      <subfield code="e">author</subfield>
   </datafield>
   <datafield ind2=" " ind1=" " tag="720">
      <subfield code="a">Dlalah, Naïma</subfield>
      <subfield code="e">author</subfield>
   </datafield>
   <datafield ind2=" " ind1=" " tag="720">
      <subfield code="a">Duval, Henri</subfield>
      <subfield code="e">author</subfield>
   </datafield>
   <datafield ind2=" " ind1=" " tag="720">
      <subfield code="a">Tricon, David</subfield>
      <subfield code="e">author</subfield>
   </datafield>
   <datafield ind2=" " ind1=" " tag="720">
      <subfield code="a">Quilot, Benedicte</subfield>
      <subfield code="e">author</subfield>
   </datafield>
   <datafield ind2=" " ind1=" " tag="720">
      <subfield code="a">Khalid, Wisam K.</subfield>
      <subfield code="e">author</subfield>
   </datafield>
   <datafield ind2=" " ind1=" " tag="720">
      <subfield code="a">Chague, Aurélie</subfield>
      <subfield code="e">author</subfield>
   </datafield>
   <datafield ind2=" " ind1=" " tag="720">
      <subfield code="a">Eduardo, Iban</subfield>
      <subfield code="e">author</subfield>
   </datafield>
   <datafield ind2=" " ind1=" " tag="720">
      <subfield code="a">Batlle, Ignasi</subfield>
      <subfield code="e">author</subfield>
   </datafield>
   <datafield ind2=" " ind1=" " tag="720">
      <subfield code="a">Drogoudi, Pavlina</subfield>
      <subfield code="e">author</subfield>
   </datafield>
   <datafield ind2=" " ind1=" " tag="720">
      <subfield code="a">Küden, Ayzin</subfield>
      <subfield code="e">author</subfield>
   </datafield>
   <datafield ind2=" " ind1=" " tag="720">
      <subfield code="a">Asma, Bayram M.</subfield>
      <subfield code="e">author</subfield>
   </datafield>
   <datafield ind2=" " ind1=" " tag="720">
      <subfield code="a">Kostritsyna, Tatiana</subfield>
      <subfield code="e">author</subfield>
   </datafield>
   <datafield ind2=" " ind1=" " tag="720">
      <subfield code="a">Decroocq, Véronique</subfield>
      <subfield code="e">author</subfield>
   </datafield>
   <datafield ind2=" " ind1=" " tag="260">
      <subfield code="c">2025-08-31</subfield>
   </datafield>
   <datafield ind2=" " ind1=" " tag="520">
      <subfield code="a">Understanding crop domestication offers crucial insights into the evolutionary processes that drive population divergence and adaptation. It also informs the identification of genetically diverse wild germplasm, which is essential for breeding and conservation efforts. While domestication has been extensively studied in many Mediterranean fruit trees, the evolutionary history of the almond (Prunus dulcis) remains comparatively underexplored. To address this, we analyzed 209 wild and cultivated almond accessions sampled across Eurasia and genotyped with 23 microsatellite markers. Using population genetics and coalescentbased inference, we reconstructed the domestication history of P. dulcis and its relationships with wild relatives. Bayesian clustering revealed four genetically distinct clusters of cultivated almonds: Turkish, Caucasian–Central Asian, Southern Spanish, and European/North American. These groups were differentiated from wild almond species—including Prunus turcomanica,&#xd;
Prunus orientalis, Prunus fenzliana, and Prunus spinosissima—each forming its gene pool across the Middle East and Central Asia. Approximate Bayesian Computation (ABC) supported a single domestication event in the Middle East, originating from either P. orientalis or P. turcomanica, with subsequent gene flow from P. fenzliana and P. spinosissima into the Turkish and Central Asian cultivated gene pools, respectively. We also inferred reciprocal introgression from cultivated almonds back into wild populations. Notably, sharka resistance—caused by plum pox virus (PPV)—was identified in three P. dulcis clusters and P. fenzliana, suggesting that resistance may have arisen independently or been maintained through crop–wild introgression. Together, our results highlight a complex and protracted domestication history for almond, shaped by contributions from multiple wild relatives and recurrent gene flow. These findings enhance our understanding of perennial crop evolution and underscore the value&#xd;
of wild germplasm in breeding programs aimed at increasing resilience in fruit trees.</subfield>
   </datafield>
   <datafield ind1="8" ind2=" " tag="024">
      <subfield code="a">Decroocq, Stephane, Amandine Cornille, Naïma Dlalah, Henri Duval, David Tricon, Benedicte Quilot, Wisam K. Khalid, et al. 2025. Evolutionary Applications 18 (9). doi:10.1111/eva.70150.</subfield>
   </datafield>
   <datafield ind1="8" ind2=" " tag="024">
      <subfield code="a">1752-4563</subfield>
   </datafield>
   <datafield ind1="8" ind2=" " tag="024">
      <subfield code="a">http://hdl.handle.net/20.500.12327/4707</subfield>
   </datafield>
   <datafield ind1="8" ind2=" " tag="024">
      <subfield code="a">https://doi.org/10.1111/eva.70150</subfield>
   </datafield>
   <datafield ind2="0" ind1="0" tag="245">
      <subfield code="a">Insights Into the Almond Domestication History</subfield>
   </datafield>
</record></metadata></record></GetRecord></OAI-PMH>